logo

Bir Sreshtho Munshi Abdur Rouf Library
Jhenaidah Cadet College

The Story of The Pakistan Army / (Record no. 4758)

MARC details
000 -LEADER
fixed length control field 00587nam a2200229 a 4500
001 - CONTROL NUMBER
JCCL Control Number 4758
003 - CONTROL NUMBER IDENTIFIER
JCCL marc code BD-JhCC
005 - DATE AND TIME OF LATEST TRANSACTION
control field 20171209113237.0
008 - FIXED-LENGTH DATA ELEMENTS--GENERAL INFORMATION
fixed length control field 171203b1963 bg a|||| ||a| 001 0 eng d
035 ## - SYSTEM CONTROL NUMBER
system control number (BD-JhCC)4758
040 ## - CATALOGING SOURCE
Original cataloging agency BD-JhCC
Modifying agency BD-JhCC
041 ## - LANGUAGE CODE
Language code of Book eng
082 ## - DEWEY DECIMAL CLASSIFICATION NUMBER
Classification number 355.0095491
Author mark and Year KHA 1963
100 ## - MAIN ENTRY--PERSONAL NAME
Personal name Khan, Fazal Muqeem
245 ## - TITLE STATEMENT
Title The Story of The Pakistan Army /
Statement of responsibility, etc Fazal Muqeem Khan
250 ## - EDITION STATEMENT
Edition statement 2nd ed.
260 ## - PUBLICATION, DISTRIBUTION, ETC. (IMPRINT)
Place of publication, distribution, etc Dacca :
Name of publisher, distributor, etc Oxford University Press,
Date of publication, distribution, etc 1963.
300 ## - PHYSICAL DESCRIPTION
Pagination 250 p. :
Dimensions 22 cm.
650 ## - SUBJECT ADDED ENTRY--TOPICAL TERM
Topical term or geographic name as entry element Pakistan Army
942 ## - ADDED ENTRY ELEMENTS (KOHA)
Source of classification or shelving scheme Dewey Decimal Classification
Koha item type Books
Holdings
Source of classification or shelving scheme Damaged status Not for loan Home library Current library Shelving location Date of accession Total Checkouts Full call number Barcode Date last seen Copy number Koha item type
Dewey Decimal Classification     JCC Rouf Library JCC Rouf Library General Stacks 12/03/2017   355.0095491 KHA 1963 6748 12/03/2017 C-1 Books

JCC Library | Contacts | JCC Home

Last Update on 23 September 2017
Copyright @ 2017-2020 JCC Rouf Library
Rouf Library, Jhenidah Cadet College (JCC), Bangladesh